Statistiques concernant Harry Potter avec les nombres

Cliquez ici pour prendre le quiz!

Statistiques générales

  • Ce quiz a été pris 1 068 fois
  • Le résultat moyen est 6 sur 10

Statistiques - réponses

QuestionRéponse% Correct
Combien de maisons y a-t-il dans Poudlard?4
100%
En combien de films "Harry Potter" est-il adapté?8
93%
Combien y a-t-il de joueurs dans une équipe de Quidditch7
87%
A quelle heure part Poudlard Express de Londres?11h
77%
Dans la formule du sortilège de lévitation, combien de lettres y a-t-il?17
63%
Hermione est né en quel jour de septembre 1979?19
62%
A quel âge Rogue meurt-il?38
52%
Combien d'escaliers y a-t-il dans Poudlard?142
50%
En quelle année la chambre des secrets a été ouverte pour la première fois?1943
21%
Combien de Noises de bronze vaut un Gallion d'or?493
16%

Distribution des résultats

Percentile par nombre de réponses

% des personnes avec chaque résultat

Votre développement - résultats

Vous n’avez pas pris ce quiz